Infant, toddler and child health sourcebook / (Record no. 84277)

MARC details
000 -LEADER
fixed length control field 02583cam a2200469 i 4500
001 - CONTROL NUMBER
control field GVRL91GX
003 - CONTROL NUMBER IDENTIFIER
control field MiFhGG
005 - DATE AND TIME OF LATEST TRANSACTION
control field 20250820004433.0
006 - FIXED-LENGTH DATA ELEMENTS--ADDITIONAL MATERIAL CHARACTERISTICS
fixed length control field m o d
007 - PHYSICAL DESCRIPTION FIXED FIELD--GENERAL INFORMATION
fixed length control field cr un ---uuuua
008 - FIXED-LENGTH DATA ELEMENTS--GENERAL INFORMATION
fixed length control field 200505t20202020miu ob 001 0 eng d
020 ## - INTERNATIONAL STANDARD BOOK NUMBER
International Standard Book Number 9780780818132
Qualifying information (electronic book)
020 ## - INTERNATIONAL STANDARD BOOK NUMBER
Canceled/invalid ISBN 9780780818125
Qualifying information (library binding)
035 ## - SYSTEM CONTROL NUMBER
System control number (OCoLC)1154120110
040 ## - CATALOGING SOURCE
Original cataloging agency MiFhGG
Language of cataloging eng
Transcribing agency MiFhGG
Description conventions rda
-- pn
050 #4 - LIBRARY OF CONGRESS CALL NUMBER
Classification number RJ61
Item number .I623 2020
245 00 - TITLE STATEMENT
Title Infant, toddler and child health sourcebook /
Statement of responsibility, etc. [edited by Kevin Hayes].
250 ## - EDITION STATEMENT
Edition statement First edition.
264 #1 - PRODUCTION, PUBLICATION, DISTRIBUTION, MANUFACTURE, AND COPYRIGHT NOTICE
Place of production, publication, distribution, manufacture Detroit, Michigan :
Name of producer, publisher, distributor, manufacturer Omnigraphics,
Date of production, publication, distribution, manufacture, or copyright notice [2020]
264 #4 - PRODUCTION, PUBLICATION, DISTRIBUTION, MANUFACTURE, AND COPYRIGHT NOTICE
Date of production, publication, distribution, manufacture, or copyright notice �2020
300 ## - PHYSICAL DESCRIPTION
Extent 1 online resource (xvii, 715 pages).
336 ## - CONTENT TYPE
Content type term text
Content type code txt
Source rdacontent
337 ## - MEDIA TYPE
Media type term computer
Media type code c
Source rdamedia
338 ## - CARRIER TYPE
Carrier type term online resource
Carrier type code cr
Source rdacarrier
490 1# - SERIES STATEMENT
Series statement Health reference series
490 0# - SERIES STATEMENT
Series statement Gale eBooks
504 ## - BIBLIOGRAPHY, ETC. NOTE
Bibliography, etc. note Includes bibliographical references and index.
505 0# - FORMATTED CONTENTS NOTE
Formatted contents note pt. 1. Healthcare overview of the newborn -- pt. 2. Child development milestones -- pt. 3. Birth defects and developmental disabilities -- pt. 4. Childhood illnesses and conditions -- pt. 5. Bringing up healthy infants and toddlers (ages 0 to 3) -- pt. 6. Bringing up healthy children (ages 4 to 11) -- pt. 7. Safety in the home and community -- pt. 8. Additional help and information.
520 ## - SUMMARY, ETC.
Summary, etc. This title discusses newborn health, child development milestones and seeking medical help when a child faces developmental concerns, plus diseases and conditions that affect infants, toddlers, and children, their causes, symptoms, diagnosis, and treatment. Covers nutrients required for healthy weight gain, mealtime routine, physical activity, and medicines and vaccines, and answers common questions about the vaccines. Includes safety tips, glossary, and additional resources.
588 ## - SOURCE OF DESCRIPTION NOTE
Source of description note Description based on print version record.
650 #0 - SUBJECT ADDED ENTRY--TOPICAL TERM
Topical term or geographic name entry element Pediatrics
Form subdivision Popular works.
650 #0 - SUBJECT ADDED ENTRY--TOPICAL TERM
Topical term or geographic name entry element Child development
Form subdivision Popular works.
650 #0 - SUBJECT ADDED ENTRY--TOPICAL TERM
Topical term or geographic name entry element Children
General subdivision Diseases
Form subdivision Popular works.
650 #0 - SUBJECT ADDED ENTRY--TOPICAL TERM
Topical term or geographic name entry element Children
General subdivision Health and hygiene
Form subdivision Popular works.
700 1# - ADDED ENTRY--PERSONAL NAME
Personal name Hayes, Kevin
Titles and other words associated with a name (Editor of health information),
Relator term editor.
710 2# - ADDED ENTRY--CORPORATE NAME
Corporate name or jurisdiction name as entry element Gale (Firm)
776 08 - ADDITIONAL PHYSICAL FORM ENTRY
Relationship information Print version:
Title Infant, toddler and child health sourcebook.
Place, publisher, and date of publication Detroit, MI : Omnigraphics, [2020]
International Standard Book Number 9780780818125
Record control number (DLC) 2020020201
830 #0 - SERIES ADDED ENTRY--UNIFORM TITLE
Uniform title Health reference series.
856 40 - ELECTRONIC LOCATION AND ACCESS
Uniform Resource Identifier <a href="https://link.gale.com/apps/pub/91GX/GVRL?sid=gale_marc&u=phurs">https://link.gale.com/apps/pub/91GX/GVRL?sid=gale_marc&u=phurs</a>
Public note Available via Gale eBooks. Click here to access
912 ## -
-- 91GX
942 ## - ADDED ENTRY ELEMENTS (KOHA)
Source of classification or shelving scheme Library of Congress Classification
Koha item type E-Book
Holdings
Withdrawn status Source of classification or shelving scheme Damaged status Not for loan Home library Current library Date acquired Total Checkouts Date last seen Price effective from Koha item type
  Library of Congress Classification     E-Books Gale E-Books Gale 08/19/2025   08/19/2025 08/19/2025 E-Book

University of Rizal System
Email us at univlibservices@urs.edu.ph

Visit our Website www.urs.edu.ph/library